000 00269nam a2200097Ia 4500
008 241105s9999 xx 000 0 und d
041 _aeng
100 _aAmdekarJuili P
_9182928
245 _aStudent Centre At Savitribai Phule Pune University
260 _bBNCA, Pune
_c2016
999 _c361221
_d361221